000 00755nam a22001937a 4500
999 _c370755
_d370755
008 201130b ||||| |||| 00| 0 eng d
040 _bger
_cDE-2950
_erda
_aDE-2950
041 _ager
100 _aMahlke, Lisa:
245 _a21 Schüler bleiben zu Hause.
_bCorona: Obwohl Fallzahlen und Inzidenz niedrig sind, musste das Frankfurter Gesundheitsamt jetzt Quarantäne für eine ganze Klasse anordnen /
_cLisa Mahlke
264 _c2021
653 _aFrankfurt (Oder)
653 _aPandemie / Corona
773 _dFrankfurt (Oder): Märkisches Verlags- und Druckhaus GmbH & Co KG
_g32. Jahrgang (2021) Nr. 199 vom 27.08.2021, S. 13: Foto
_tMärkische Oderzeitung
942 _cA